Szczegóły MARC21

Die größere Hoffnung : Roman ; Meine Sprache und ich : Erzählungen ; Verschenkter Rat : Gedichte /

003 -Nazwa inst., której nr kontr. jest w polu 001 [,]
    • @
    • Nazwa instytucji, której n kontrolny jest w polu 001
    • NUKAT
005 -DATA I CZAS OSTATNIEJ MODYFIKACJI [,]
    • @
    • pole kontrolne
    • 20241231100109.0
020 -Międzynarod. znormalizowany nr książki - ISBN [ , ]
    • a
    • Numer ISBN
    • 3100005112 Find
040 -Instytucja sporządzająca opis [ , ]
    • a
    • Instytucja, która sporządziła opis (NP)
    • KAT U/EG
    • c
    • Instytucja, która sporządziła rekord (NP)
    • KAT U/EGs
942 -Rodzaj dokumentu [ , ]
    • c
    • Rodzaj dokumentu
    • Książka
100 -Hasło główne - nazwa osobowa [1, ]
    • a
    • Nazwa osobowa (NP)
    • Aichinger, Ilse
    • d
    • Daty biograficzne (NP)
    • (1921-2016).
    • 9
    • KHW
    • 59014
240 -Tytuł ujednolicony [1,0]
    • a
    • Tytuł ujednolicony
    • Größere Hoffnung
    • l
    • Język tekstu
    • (niem.)
    • 9
    • KHW
    • 634549
245 -Strefa tytułu i oznaczenia odpowiedzialności [1,4]
    • a
    • Tytuł
    • Die größere Hoffnung : Find
    • b
    • Ciąg dalszy tytułu (NP)
    • Roman ; Meine Sprache und ich : Erzählungen ; Verschenkter Rat : Gedichte / Find
    • c
    • Pozostałe elementy strefy tytułu i oznaczenia odpowiedzialności (NP)
    • Ilse Aichinger.
260 -Strefa adresu wydawniczego [ , ]
    • a
    • Miejsce wydania (P)
    • Frankfurt am Main :
    • b
    • Nazwa wydawcy (P)
    • S.Fischer Verl.,
    • c
    • Data wydania (P)
    • 1986.
300 -Strefa opisu fizycznego [ , ]
    • a
    • Określenie formy książki i/lub objętość (NP)
    • 557, [7] s. ;
    • c
    • Format (NP)
    • 21 cm.
336 -Typ zawartości [ , ]
    • a
    • Termin opisujący typ zawartości
    • Tekst
    • b
    • Kod określający zawartość
    • txt
    • 2
    • Źródło (terminu i kodu)
    • rdacontent
337 -Typ mediów [ , ]
    • a
    • Tryb odtwarzania
    • Bez urządzenia pośredniczącego
    • b
    • Kod typu mediów
    • n
    • 2
    • Źródło (terminu i kodu)
    • rdamedia
338 -Typ/rodzaj nośnika [ , ]
    • a
    • Hasło opisujące typ nośnika
    • Wolumin
    • b
    • Kod typu nośnika
    • nc
    • 2
    • Źródło (terminu i kodu)
    • rdacarrier
080 -Uniwersalna Klasyfikacja Dziesiętna [ , ]
    • a
    • Symbol klasyfikacji
    • 830(436)-31
080 -Uniwersalna Klasyfikacja Dziesiętna [ , ]
    • a
    • Symbol klasyfikacji
    • +830(436)-32
080 -Uniwersalna Klasyfikacja Dziesiętna [ , ]
    • a
    • Symbol klasyfikacji
    • +830(436)-1=30
655 -Hasło w funkcji tematu formalnego [ ,7]
    • a
    • Hasło
    • Powieść austriacka
    • y
    • Określnik chronologiczny
    • 1945-.
    • 2
    • Źródło terminu
    • kaba
    • 9
    • KHW
    • 465882
655 -Hasło w funkcji tematu formalnego [ ,7]
    • a
    • Hasło
    • Poezja austriacka
    • y
    • Określnik chronologiczny
    • 1945-.
    • 2
    • Źródło terminu
    • kaba
    • 9
    • KHW
    • 453721
655 -Hasło w funkcji tematu formalnego [ ,7]
    • a
    • Hasło
    • Nowele austriackie
    • y
    • Określnik chronologiczny
    • 1945-.
    • 2
    • Źródło terminu
    • kaba
    • 9
    • KHW
    • 418721
980 -Symbol UKD [ , ]
    • a
    • UKD
    • 830(436)-31+830(436)-32+830(436)-1]=30
700 -Hasło dodatkowe - nazwa osobowa [1,2]
    • a
    • Nazwa osobowa (NP)
    • Aichinger, Ilse Find
    • d
    • Daty biograficzne (NP)
    • (1921-2016).
    • t
    • Tytuł ujednolicony/tytuł (NP)
    • Meine Sprache und ich Find
    • l
    • Język tekstu (NP)
    • (niem.)
    • 9
    • KHW
    • 634546
700 -Hasło dodatkowe - nazwa osobowa [1,2]
    • a
    • Nazwa osobowa (NP)
    • Aichinger, Ilse Find
    • d
    • Daty biograficzne (NP)
    • (1921-2016).
    • t
    • Tytuł ujednolicony/tytuł (NP)
    • Verschenkter Rat Find
    • l
    • Język tekstu (NP)
    • (niem.)
    • 9
    • KHW
    • 634547
920 -ISBN [ , ]
    • a
    • ISBN
    • 3-10-000511-2 Find
Data inwentaryzacji Sygnatura Status udost. Lokalizacja Numer inwentarzowy
1998-09-18Germ. Literatura austriacka-3BMG.13930